Những ông chủ thực sự của thế giới

সংরক্ষণ করুন:
গ্রন্থ-পঞ্জীর বিবরন
প্রধান লেখক: Gonzalez-Mata, Luis M
বিন্যাস: গ্রন্থ
প্রকাশিত: Công an nhân dân 2000
ট্যাগগুলো: ট্যাগ যুক্ত করুন
কোনো ট্যাগ নেই, প্রথমজন হিসাবে ট্যাগ করুন!
Thư viện lưu trữ: Mạng thư viện Đại học Đà Nẵng
LEADER 00603nam a2200229 a 4500
001 000029161
003 6080
005 20171030145630.0
008 171030s2000
020 |c 50000 
040 |a LTT 
082 0 |a 320.04  |b GO-L 
100 1 |a Gonzalez-Mata, Luis M 
245 0 0 |a Những ông chủ thực sự của thế giới  |c Luis M. Gonzalez-Mata ; Thiên Bảo dịch. 
260 |b Công an nhân dân  |c 2000 
OWN |a LTT 
999 |a From the UDN01 
TYP |a Monograph 
TYP |a Printed language 
980 |a Mạng thư viện Đại học Đà Nẵng